000 01745cam a22004574i 4500
003 PE-LiUPU
005 20250731173520.0
008 150616s r 000 0 d
035 _a(Sirsi) a8287
040 _aPE-LiUPU
_bspa
_cPE-LiUPU
_erda
049 _aPRUA
082 0 4 _a262.1002
_bH94
_221
100 1 _aHunter, Kent R.,
_eautor.
245 1 0 _aMovin the Church into Action.
264 1 _aFranklin Spring, GA :
_bAdvocate Press,
_c1989.
300 _a162 páginas :
_bil (dibujos) ;
_c28 cm.
336 _atext
_2rdacontent
337 _aunmediated
_2rdamedia
338 _avolume
_2rdacarrier
504 _aBibliografía: p 71.
505 0 _aForeword.- About the Leade's Guide.- Hints for Successful Teaching.- The Action Church.- Time for a Checkupáginas- What Business Are You In?.- Institution or Organism?.- The Pastor's Place in Leadership- Ten Common Bottlenecks in the Church.- Honoring Your Context.- The Baskin - Robbins Church.- The World Outreach Center.
526 _aSEG42
526 _aSEG41
526 _aSEG40
526 _aSEG39
526 _aP94
526 _aP87
526 _aP86
526 _aP85
526 _aP77
526 _aP76
526 _aP35
650 0 4 _aLIDERAZGO CRISTIANO - GUIA.
910 _ajck
_bjvq
_cjck
942 _2ddc
_cBOOK
949 _a262.1002 H94
_wDEWEY
_c1
_i41861
_lCCODEBUL1
_mBUL
_p00.00
_r0
_sY
_tBOOK
_u19961024
_xTEOLOGIA
_zUNKNOWN
_0COMPRA
_o.STAFF. Colección General
994 _aC0
_bPEPRU
596 _a1
999 _a262.1002 H94
_wDEWEY
_c59622
_i41861
_f2021-11-12
_g5
_lCCODEBUL1
_mBUL
_r0
_sY
_tBOOK
_u2015-6-16
_xTEOLOGIA
_zUNKNOWN
_0COMPRA
_o.STAFF. Colección General
_d59622
980 _81
_gALBERTO SANCHEZ Responsable de Automatización